Comunicare le cose. Adorno e il linguaggio (Record n. 80730)
[ formato base ]
| 000 -LEADER | |
|---|---|
| fixed length control field | 01226nam a2200289Ia 4500 |
| 001 - CONTROL NUMBER | |
| control field | H4214 |
| 003 - CONTROL NUMBER IDENTIFIER | |
| control field | IT-RoPAU |
| 008 - FIXED-LENGTH DATA ELEMENTS--GENERAL INFORMATION | |
| fixed length control field | 130308s9999 xx 000 0 und d |
| 040 ## - CATALOGING SOURCE | |
| Original cataloging agency | IT-RoPAU |
| 040 ## - CATALOGING SOURCE | |
| Transcribing agency | IT-RoPAU |
| 041 ## - LANGUAGE CODE | |
| Language code of text/sound track or separate title | ITALIANO |
| 100 ## - MAIN ENTRY--PERSONAL NAME | |
| Personal name | Cortella Lucio |
| 100 ## - MAIN ENTRY--PERSONAL NAME | |
| Miscellaneous information | Codice Aut. SPICS: 57569 |
| 245 ## - TITLE STATEMENT | |
| Title | Comunicare le cose. Adorno e il linguaggio |
| 245 ## - TITLE STATEMENT | |
| Remainder of title | Comunicazione (La) - Cio' che si Dice e Cio' che Non si Lascia Dire |
| 250 ## - EDITION STATEMENT | |
| Edition statement | 1a ed. |
| 260 ## - PUBLICATION, DISTRIBUTION, ETC. (IMPRINT) | |
| Place of publication, distribution, etc. | ROMA |
| 260 ## - PUBLICATION, DISTRIBUTION, ETC. (IMPRINT) | |
| Name of publisher, distributor, etc. | Donzelli |
| 260 ## - PUBLICATION, DISTRIBUTION, ETC. (IMPRINT) | |
| Date of publication, distribution, etc. | 2003 [1° Ed.:2003 - Ed.Ling.Originale:2003] |
| 300 ## - PHYSICAL DESCRIPTION | |
| Extent | "11 p. (prefazione: no ; testo: 11 [pagine: 65-75])" |
| 500 ## - GENERAL NOTE | |
| General note | Adorno Evidenzia quella che gli Appare la caratteristica Fondamentale della Ragione, Vale a Dire la tendenza a Definire le Cose, a Identificarle con Qualcosa di Stabile e di Preciso e Ad Escludere la Minacciosa Intrusione dell'Altro. L'Intento di Adorno è Quello di smascherare Questa Pretesa D'Identita': Essa, Benche' Mossa Dall'Esigenza di Dire l'essenza Ultima e Definitiva della Cosa, finisce per Stravolgerne la Natura. |
| 650 ## - SUBJECT ADDED ENTRY--TOPICAL TERM | |
| Topical term or geographic name as entry element | SAGGI DI COMUNICAZIONE SOCIALE |
| 650 ## - SUBJECT ADDED ENTRY--TOPICAL TERM | |
| Relator term | Codice materia Spics: 3807 |
| 942 ## - ADDED ENTRY ELEMENTS (KOHA) | |
| Koha item type | LIBRO |
| 957 ## - | |
| -- | 1 |
| 999 ## - SYSTEM CONTROL NUMBERS (KOHA) | |
| -- | 1 |
| Withdrawn status | Lost status | Damaged status | Not for loan | Home library | Current library | Date acquired | Total Checkouts | Full call number | Date last seen | Price effective from | Koha item type | Public note |
|---|---|---|---|---|---|---|---|---|---|---|---|---|
| Buone Condizioni | Not For Loan | SPICS-MEDIATECA | SPICS-MEDIATECA | 08/03/2013 | H4214 | 08/03/2013 | 08/03/2013 | LIBRO | Progressivo inserimento: 15581 / N. Volumi: 0 [=Contributo] Copie: 1 / data import: 1 marzo 2013 - By Epidotti, Trombetti, Vaglietti. |